[Event "Game 1449 - Rated game, 10m + 0s"]
[Site "Main Playing Hall"]
[Date "2003.06.15"]
[Round "?"]
[White "DELOS"]
[Black "kmreese"]
[Result "0-1"]
[WhiteElo "1227"]
[BlackElo "1381"]
[PlyCount "46"]
[EventDate "2003.??.??"]

1. e4 c5 2. c3 e5 3. d3 d5 4. f3 d4
5. cxd4 cxd4 6. f4 Nc6 7. Qa4 Bd7 8. Qb3 Bb4+
9. Bd2 a5 10. Be2 exf4 11. Bh5 g6 12. Bf3 a4
13. Qc4 Qh4+ 14. Kd1 Nge7 15. e5 Nxe5 16. Qxb4 Nxd3
17. Qc4 Nxb2+ 18. Kc1 Nxc4 19. Bxb7 Rb8 20. Bf3 Nxd2
21. Kxd2 Qf2+ 22. Kd1 Rb2 23. a3 Qf1# 0-1

[Event "Game 1456 - Rated game, 15m + 0s"]
[Site "Main Playing Hall"]
[Date "2003.06.18"]
[Round "?"]
[White "guerriero"]
[Black "kmreese"]
[Result "0-1"]
[WhiteElo "1263"]
[BlackElo "1407"]
[Annotator "White - Resign"]
[PlyCount "68"]
[EventDate "2003.??.??"]

1. c4 d5 2. cxd5 Qxd5 3. Nc3 Qd8 4. Nf3 Nf6
5. d4 Bf5 6. Bf4 Nc6 7. e3 e6 8. Bd3 Bxd3
9. Qxd3 Nb4 10. Qb5+ c6 11. Qa4 b5 12. Qb3 Nd3+
13. Ke2 Nxf4+ 14. exf4 Ng4 15. h3 Nf6 16. Ne5 Qxd4
17. g3 Bb4 18. Nxc6 Qc5 19. Nxb4 Rd8 20. Rad1 Rxd1
21. Rxd1 Qh5+ 22. g4 Qxh3 23. f3 Qg2+ 24. Ke3 O-O
25. Nc6 Qg3 26. Ne5 h5 27. Qxb5 hxg4 28. Ne2 Qh3
29. Qb4 gxf3 30. Nxf3 Ng4+ 31. Ke4 Nf2+ 32. Ke3 Nxd1+
33. Ke4 Qf5+ 34. Kd4 Rd8+ {White - Resign} 0-1

[Event "Game 1460 - Rated game, 11m + 0s"]
[Site "Beginners"]
[Date "2003.06.21"]
[Round "?"]
[White "yohann"]
[Black "kmreese"]
[Result "0-1"]
[WhiteElo "1285"]
[BlackElo "1418"]
[Annotator "White - Resign"]
[PlyCount "40"]
[EventDate "2003.??.??"]

1. e4 c5 2. Bc4 e6 3. Nf3 d6 4. Nc3 Nf6
5. d3 Bd7 6. Bg5 Be7 7. Be3 Ng4 8. Qe2 Nc6
9. d4 cxd4 10. Nxd4 Nxe3 11. Qxe3 d5 12. exd5 Nb4
13. O-O-O exd5 14. Bxd5 O-O 15. f4 Re8 16. Qd2 Bg4
17. Bf3 Bd7 18. g4 Rc8 19. f5 Bg5 20. Bxb7 Bxd2+ { White - Resign} 0-1

[Event "Game 1464 - Rated game, 15m + 0s"]
[Site "Main Playing Hall"]
[Date "2003.06.23"]
[Round "?"]
[White "kmreese"]
[Black "zeros"]
[Result "1-0"]
[WhiteElo "1430"]
[BlackElo "1272"]
[Annotator "Black - Resign"]
[PlyCount "91"]
[EventDate "2003.??.??"]

1. e4 g6 2. d4 d6 3. d5 Bg7 4. Nf3 Nf6
5. Nc3 Bg4 6. Be2 O-O 7. e5 dxe5 8. Nxe5 Bxe2
9. Qxe2 Nxd5 10. Ne4 Bxe5 11. Ng5 Bf6 12. O-O Nc6
13. Rd1 Bxg5 14. Bxg5 f6 15. Bh6 Re8 16. c4 e6
17. cxd5 exd5 18. Qf3 Ne5 19. Qb3 c6 20. Qxb7 Qd7
21. Qb3 g5 22. Rac1 Nf7 23. Bxg5 Nxg5 24. Qg3 Re6
25. h4 h6 26. hxg5 fxg5 27. Rc4 Rd8 28. Qg4 Qe7
29. Rf4 Re1+ 30. Rxe1 Qxe1+ 31. Kh2 Qe5 32. g3 Kh7
33. Rf7+ Kh8 34. f4 gxf4 35. gxf4 Qxb2+ 36. Kh3 Rg8
37. Qf3 Rg7 38. Rf5 Qb8 39. Rh5 Qc8+ 40. f5 Rh7
41. a4 d4 42. a5 c5 43. Kh2 c4 44. f6 Qc7+
45. Kh3 d3 46. Qa8+ { Black - Resign} 1-0

[Event "Game 1465 - Rated game, 15m + 0s"]
[Site "Main Playing Hall"]
[Date "2003.06.23"]
[Round "?"]
[White "zeros"]
[Black "kmreese"]
[Result "0-1"]
[WhiteElo "1262"]
[BlackElo "1440"]
[Annotator "White - Resign"]
[PlyCount "58"]
[EventDate "2003.??.??"]

1. e4 c5 2. Bc4 Nf6 3. Qf3 e6 4. d3 Nc6
5. Ne2 Ne5 6. Qe3 Nfg4 7. Qd2 Qf6 8. f3 Qh4+
9. Ng3 Nxh2 10. Qf2 d5 11. Bb5+ Bd7 12. Bxd7+ Kxd7
13. Kd1 dxe4 14. dxe4 Rd8 15. Be3 Kc8+ 16. Nd2 Nc4
17. Kc1 Nxe3 18. Qxe3 Qxg3 19. b3 Qxg2 20. Kb2 Bd6
21. Rad1 Be5+ 22. Ka3 b5 23. c3 b4+ 24. cxb4 cxb4+
25. Kxb4 Rd4+ 26. Nc4 Bd6+ 27. Kb5 Rxd1 28. Rxd1 a6+
29. Ka4 Qxa2+ {White - Resign} 0-1

[Event "Game 1466 - Rated game, 10m + 0s"]
[Site "Main Playing Hall"]
[Date "2003.06.23"]
[Round "?"]
[White "kmreese"]
[Black "fearless car 7"]
[Result "0-1"]
[WhiteElo "1449"]
[BlackElo "1260"]
[PlyCount "66"]
[EventDate "2003.??.??"]

1. e4 c5 2. f4 e6 3. e5 Be7 4. Nf3 Nh6
5. Ng5 Bxg5 6. fxg5 Qxg5 7. d4 Qe7 8. dxc5 Qxc5
9. Be2 Qxe5 10. O-O Nf5 11. Bh5 O-O 12. Bf4 Qxb2
13. Nd2 Qd4+ 14. Kh1 Qa4 15. Nf3 Qxf4 16. Nd4 Qg5
17. c3 d5 18. Nxf5 exf5 19. Bf3 Be6 20. c4 Rd8
21. cxd5 f4 22. Qa4 Bd7 23. Qa5 a6 24. Rae1 h6
25. Bd1 Bb5 26. Rxf4 Qxf4 27. Qxd8+ Kh7 28. Bc2+ g6
29. Qe7 Nd7 30. Bxg6+ Kxg6 31. Re6+ Nf6 32. Re1 Re8
33. Qxb7 Rxe1# 0-1

[Event "Game 1467 - Rated game, 10m + 2s"]
[Site "Main Playing Hall"]
[Date "2003.06.25"]
[Round "?"]
[White "jawed 1"]
[Black "kmreese"]
[Result "1-0"]
[WhiteElo "1276"]
[BlackElo "1423"]
[PlyCount "47"]
[EventDate "2003.??.??"]

1. e4 c5 2. Qh5 Nf6 3. Qe5 d6 4. Qf4 e5
5. Qe3 Ng4 6. Qe2 Qg5 7. Qb5+ Nc6 8. Nf3 Bd7
9. Nxg5 Nd4 10. Qxb7 Nxc2+ 11. Ke2 Bb5+ 12. d3 Nd4+
13. Kd1 Bc6 14. Qxf7+ Kd8 15. Ne6+ Nxe6 16. Qxe6 Nxf2+
17. Ke1 Nxh1 18. Bg5+ Kc7 19. Qf7+ Kb6 20. Nc3 h6
21. Be3 Ka5 22. Qc7+ Ka6 23. d4+ Bb5 24. Bxb5# 1-0

[Event "Game 1469 - Rated game, 10m + 2s"]
[Site "Main Playing Hall"]
[Date "2003.06.27"]
[Round "?"]
[White "kmreese"]
[Black "iq662a"]
[Result "0-1"]
[WhiteElo "1397"]
[BlackElo "1281"]
[Annotator "White - Resign"]
[PlyCount "46"]
[EventDate "2003.??.??"]

1. e4 e5 2. Nf3 Nc6 3. Bc4 d6 4. O-O Bg4
5. Nc3 Nd4 6. Bxf7+ Kxf7 7. Nxe5+ dxe5 8. Qxg4 Nf6
9. Qg3 Nxc2 10. Qxe5 Bd6 11. Qb5 Nxa1 12. Qc4+ Ke7
13. d4 Re8 14. e5 Bxe5 15. dxe5 Nd7 16. Bg5+ Nf6
17. Re1 Kf8 18. e6 Nc2 19. Rd1 Qe7 20. Nd5 Qxe6
21. Qc5+ Kf7 22. Qxc2 Rad8 23. Nxc7 Qe1+ {White - Resign} 0-1

[Event "Game 1470 - Rated game, 15m + 0s"]
[Site "Beginners"]
[Date "2003.06.28"]
[Round "?"]
[White "VASSILIOS"]
[Black "kmreese"]
[Result "0-1"]
[WhiteElo "1317"]
[BlackElo "1374"]
[Annotator "White - Resign"]
[PlyCount "34"]
[EventDate "2003.??.??"]

1. f4 d5 2. d4 Nf6 3. Nf3 Bf5 4. e3 Ne4
5. Nbd2 e6 6. g3 Nc6 7. c3 a6 8. Bd3 Bg4
9. Qc2 Nxd2 10. Nxd2 b5 11. b4 a5 12. a3 axb4
13. cxb4 Nxb4 14. Qb3 c5 15. Bxb5+ Ke7 16. dxc5 Qa5
17. Bb2 Qxb5 {White - Resign} 0-1

[Event "Game 1472 - Friendly Game, 25m + 0s"]
[Site "Main Playing Hall"]
[Date "2003.06.30"]
[Round "?"]
[White "kmreese"]
[Black "saint1111"]
[Result "1-0"]
[WhiteElo "1418"]
[BlackElo "1600"]
[Annotator "Black - Resign"]
[PlyCount "29"]
[EventDate "2003.??.??"]

1. e4 c5 2. f4 e6 3. e5 Nh6 4. Nf3 d6
5. Bc4 a6 6. d4 b5 7. Bd3 dxe5 8. fxe5 cxd4
9. Ng5 g6 10. O-O Nc6 11. Ne4 Nxe5 12. Bg5 Qb6
13. Nf6+ Kd8 14. Nd5+ Kd7 15. Nxb6+ {Black - Resign} 1-0

[Event "Game 1473 - Rated game, 15m + 2s"]
[Site "Main Playing Hall"]
[Date "2003.07.01"]
[Round "?"]
[White "FunkyBoss"]
[Black "kmreese"]
[Result "1-0"]
[WhiteElo "1380"]
[BlackElo "1418"]
[PlyCount "63"]
[EventDate "2003.??.??"]

1. e4 c5 2. Bc4 Nf6 3. Nc3 e6 4. e5 d5
5. Bd3 d4 6. Nb5 Nd5 7. a3 Nf4 8. Be4 f5
9. Nd6+ Ke7 10. d3 g5 11. Nh3 fxe4 12. Nxg5 Nxg2+
13. Ke2 Nf4+ 14. Bxf4 Rg8 15. Nxh7 Rg6 16. dxe4 b6
17. Rg1 Ba6+ 18. c4 Rxg1 19. Qxg1 Nc6 20. Bg5+ Kd7
21. Bxd8 d3+ 22. Kxd3 Nxe5+ 23. Kc3 Kxd6 24. Nxf8 Rxd8
25. Qg7 Bxc4 26. Rd1+ Nd3 27. Kxc4 b5+ 28. Kxd3 Kc6+
29. Ke2 Rxd1 30. Kxd1 Kb6 31. Nxe6 Ka5 32. Qxa7# 1-0

[Event "Game 1474 - Rated game, 10m + 5s"]
[Site "Main Playing Hall"]
[Date "2003.07.02"]
[Round "?"]
[White "Lobo Solitario"]
[Black "kmreese"]
[Result "0-1"]
[WhiteElo "1299"]
[BlackElo "1389"]
[Annotator "White - Resign"]
[PlyCount "56"]
[EventDate "2003.??.??"]

1. e4 c5 2. Nf3 e6 3. c4 Nf6 4. e5 Ng4
5. b3 d6 6. Bb2 Nc6 7. d4 cxd4 8. Nxd4 Nxd4
9. Bxd4 h5 10. Be2 dxe5 11. Bxg4 exd4 12. Bf3 Bb4+
13. Nd2 e5 14. O-O h4 15. Ne4 h3 16. g3 Bf5
17. Nd2 Qa5 18. Ne4 O-O-O 19. Ng5 Rd7 20. Bg4 Bc3
21. Rb1 Bxg4 22. Qxg4 d3 23. Nxh3 Qxa2 24. Ng5 Rf8
25. f4 Bd4+ 26. Kh1 exf4 27. gxf4 d2 28. Rf2 Qxb1+ {White - Resign} 0-1

[Event "Game 1475 - Friendly Game, 10m + 0s"]
[Site "Main Playing Hall"]
[Date "2003.07.03"]
[Round "?"]
[White "kmreese"]
[Black "number7"]
[Result "0-1"]
[WhiteElo "1402"]
[BlackElo "1430"]
[PlyCount "46"]
[EventDate "2003.??.??"]

1. e4 c5 2. f4 Nf6 3. Bc4 Nxe4 4. d3 Nd6
5. Nc3 e6 6. f5 Nxc4 7. dxc4 Qh4+ 8. g3 Qxc4
9. fxe6 Qxe6+ 10. Nge2 Nc6 11. Nb5 Kd8 12. c3 a6
13. Na3 b6 14. O-O c4 15. Re1 Bc5+ 16. Kg2 Qe4+
17. Kh3 d5+ 18. g4 Qf3+ 19. Ng3 Bxg4+ 20. Kh4 Be7+
21. Bg5 Bxg5+ 22. Kxg5 h6+ 23. Kh4 g5# 0-1

[Event "Game 1476 - Friendly Game, 10m + 0s"]
[Site "Main Playing Hall"]
[Date "2003.07.03"]
[Round "?"]
[White "kmreese"]
[Black "number7"]
[Result "0-1"]
[WhiteElo "1402"]
[BlackElo "1430"]
[Annotator "White - Time"]
[PlyCount "64"]
[EventDate "2003.??.??"]

1. Nc3 d5 2. d4 Nf6 3. Nf3 Nc6 4. e3 e6
5. Bb5 Bb4 6. Bd2 a5 7. a3 Be7 8. Ne5 Qd6
9. O-O O-O 10. f4 Ne4 11. Nxe4 dxe4 12. Nc4 Qd8
13. Bxc6 bxc6 14. Ne5 Bb7 15. f5 f6 16. Ng4 h5
17. Nf2 exf5 18. Qxh5 Bc8 19. Nh3 Rb8 20. Nf4 g6
21. Nxg6 Kg7 22. Rxf5 Bxf5 23. Qxf5 Qc8 24. Qh5 f5
25. d5 Qe8 26. Bc3+ Bf6 27. Bxf6+ Rxf6 28. d6 cxd6
29. Qg5 Qxg6 30. Qh4 Rh8 31. Qe1 Qg5 32. Qxa5 Rg6 { White - Time} 0-1

[Event "Game 1478 - Rated game, 11m + 0s"]
[Site "Beginners"]
[Date "2003.07.05"]
[Round "?"]
[White "Loquillo"]
[Black "kmreese"]
[Result "1-0"]
[WhiteElo "1333"]
[BlackElo "1429"]
[Annotator "Black - Time"]
[PlyCount "115"]
[EventDate "2003.??.??"]

1. d4 d5 2. c4 Nf6 3. c5 e6 4. Nc3 c6
5. e3 Nbd7 6. Bd3 g6 7. e4 dxe4 8. Nxe4 Bg7
9. Nd6+ Ke7 10. Nc4 Nd5 11. Be4 N5f6 12. Nf3 Nxe4
13. Ng5 Nxg5 14. Bxg5+ f6 15. Be3 b5 16. Nd2 Qa5
17. a3 Ba6 18. b4 Qa4 19. Qxa4 bxa4 20. b5 cxb5
21. O-O b4 22. Rfb1 b3 23. h3 e5 24. c6 Nb6
25. Re1 Nd5 26. Rac1 b2 27. Rb1 Rab8 28. Ne4 Bd3
29. c7 Rb7 30. Nc5 Rb6 31. Nxd3 Rc8 32. dxe5 Nc3
33. Rxb2 Rxb2 34. Nxb2 fxe5 35. Bxa7 Rxc7 36. Bb6 Rb7
37. Bc5+ Kd7 38. Nc4 Kd8 39. Nxe5 Bxe5 40. Rxe5 Rb1+
41. Kh2 Nd1 42. f4 Nf2 43. Kg3 Nh1+ 44. Kg4 Rc1
45. Bb6+ Kd7 46. Re4 Kd6 47. Rxa4 Ke6 48. Rb4 h5+
49. Kg5 Kf7 50. a4 Ng3 51. a5 Rd1 52. Kh4 Nf5+
53. Kg5 Rd5 54. a6 Ne3+ 55. Kh4 Nxg2+ 56. Kg3 Rd2
57. a7 h4+ 58. Kf3 {Black - Time} 1-0

[Event "Game 1480 - Rated game, 10m + 0s"]
[Site "Beginners"]
[Date "2003.07.05"]
[Round "?"]
[White "kmreese"]
[Black "MUHAMMAD ALI"]
[Result "1-0"]
[WhiteElo "1407"]
[BlackElo "1361"]
[Annotator "Black - Resign"]
[PlyCount "57"]
[EventDate "2003.??.??"]

1. e4 c6 2. f4 d5 3. e5 d4 4. Nf3 c5
5. Bc4 Nc6 6. d3 e6 7. c3 dxc3 8. Nxc3 b6
9. Bb5 Bb7 10. Ne4 g6 11. Neg5 Bg7 12. f5 exf5
13. e6 fxe6 14. Nxe6 Qe7 15. Nfg5 Bh6 16. Qe2 Bxg5
17. Bxg5 Nf6 18. Bxf6 Qxf6 19. Nc7+ Kf7 20. Bc4+ Kg7
21. Ne6+ Qxe6 22. Bxe6 Rhe8 23. O-O Nd4 24. Qe5+ Kh6
25. Qc7 Rab8 26. Rae1 Nxe6 27. Rxe6 Rxe6 28. Qxb8 Re2
29. Qxb7 {Black - Resign} 1-0

[Event "Game 1481 - Rated game, 10m + 0s"]
[Site "Beginners"]
[Date "2003.07.05"]
[Round "?"]
[White "MUHAMMAD ALI"]
[Black "kmreese"]
[Result "0-1"]
[WhiteElo "1347"]
[BlackElo "1407"]
[PlyCount "52"]
[EventDate "2003.??.??"]

1. c4 Nf6 2. d4 d5 3. Nc3 dxc4 4. e3 Nc6
5. Bxc4 e5 6. dxe5 Nxe5 7. Bd2 Nxc4 8. Qa4+ c6
9. Qxc4 b5 10. Qe2 Ba6 11. Qf3 Rc8 12. O-O-O Nd5
13. Nh3 Bb4 14. e4 Bxc3 15. Bxc3 b4 16. Bxg7 Rg8
17. exd5 cxd5+ 18. Kb1 Rxg7 19. Rhe1+ Kf8 20. Rxd5 Qc7
21. Ng5 Bb7 22. Red1 Rxg5 23. Qb3 Rxd5 24. Qxb4+ Rc5
25. Rd5 Bxd5 26. Qh4 Rc1# 0-1

[Event "Game 1489 - Rated game, 10m + 2s"]
[Site "Main Playing Hall"]
[Date "2003.07.06"]
[Round "?"]
[White "kmreese"]
[Black "Cortis"]
[Result "0-1"]
[WhiteElo "1435"]
[BlackElo "1331"]
[Annotator "White - Time"]
[PlyCount "75"]
[EventDate "2003.??.??"]

1. e4 c6 2. d4 d5 3. e5 Bf5 4. Nf3 h6
5. Bd3 Bxd3 6. Qxd3 e6 7. O-O Ne7 8. Nc3 Ng6
9. Na4 Nd7 10. c4 Be7 11. cxd5 cxd5 12. Bd2 O-O
13. h4 Qe8 14. h5 Nh8 15. b4 Nxe5 16. dxe5 Qxa4
17. b5 Qg4 18. a3 b6 19. Nd4 Qxh5 20. Nc6 Ng6
21. Bb4 Bxb4 22. axb4 Nxe5 23. Nxe5 Qxe5 24. f4 Qd6
25. f5 Qxb4 26. fxe6 fxe6 27. Rxf8+ Rxf8 28. Qg6 Qd4+
29. Kh2 Qxa1 30. Qxe6+ Kh8 31. Qxd5 Qf6 32. Qh5 Qf4+
33. g3 Qd2+ 34. Kh3 Qd7+ 35. g4 Rf3+ 36. Kg2 Rb3
37. g5 Qd2+ 38. Kf1 {White - Time} 0-1

[Event "Game 1490 - Rated game, 10m + 0s"]
[Site "Main Playing Hall"]
[Date "2003.07.06"]
[Round "?"]
[White "kmreese"]
[Black "ecowolf"]
[Result "1-0"]
[WhiteElo "1412"]
[BlackElo "1268"]
[PlyCount "49"]
[EventDate "2003.??.??"]

1. e4 e5 2. Nf3 Nc6 3. Bc4 Bc5 4. Nc3 Nf6
5. O-O O-O 6. d4 d6 7. dxc5 dxc5 8. Bxf7+ Rxf7
9. Nd5 Nxd5 10. exd5 Nd4 11. Nxe5 Re7 12. Re1 Qxd5
13. Ng6 Rxe1+ 14. Qxe1 hxg6 15. Qe8+ Kh7 16. h4 b6
17. h5 gxh5 18. c4 Qxc4 19. Qxh5+ Kg8 20. Bd2 Ne2+
21. Kh2 Bb7 22. Re1 Rd8 23. Rxe2 Qxa2 24. Bg5 Rd5
25. Re8# 1-0

[Event "Game 1494 - Rated game, 15m + 0s"]
[Site "Main Playing Hall"]
[Date "2003.07.08"]
[Round "?"]
[White "Okami"]
[Black "kmreese"]
[Result "1-0"]
[WhiteElo "1338"]
[BlackElo "1423"]
[Annotator "Black - Resign"]
[PlyCount "71"]
[EventDate "2003.??.??"]

1. g3 e5 2. Bg2 d5 3. Nf3 Nc6 4. d3 d4
5. O-O Nf6 6. c3 Bd6 7. cxd4 exd4 8. Qa4 O-O
9. Nxd4 Bd7 10. Nxc6 Ng4 11. Qxg4 Bxg4 12. Nxd8 Raxd8
13. Nc3 c6 14. h3 Bh5 15. g4 Bg6 16. f4 Rde8
17. f5 Bc5+ 18. Kh1 b5 19. fxg6 hxg6 20. Bxc6 Re6
21. Bxb5 g5 22. Bc4 Rh6 23. Kg2 Kh7 24. Rxf7 Re8
25. Ne4 Bd4 26. Nxg5+ Kg6 27. Nf3 Rxe2+ 28. Kg3 Bf2+
29. Kg2 Be3+ 30. Kf1 Rf2+ 31. Ke1 Rxh3 32. Ne5+ Kh7
33. Rxf2 Rh1+ 34. Ke2 Bxc1 35. Nf3 Kh6 36. Rh2+ {Black - Resign} 1-0

[Event "Game 1495 - Rated game, 10m + 0s"]
[Site "Beginners"]
[Date "2003.07.09"]
[Round "?"]
[White "kmreese"]
[Black "tewb"]
[Result "1-0"]
[WhiteElo "1400"]
[BlackElo "1391"]
[Annotator "Black - Time"]
[PlyCount "67"]
[EventDate "2003.??.??"]

1. e4 e5 2. Nf3 Nc6 3. Bc4 Bc5 4. d3 d6
5. Ng5 Nh6 6. Nc3 O-O 7. O-O Na5 8. Nd5 Nxc4
9. dxc4 c6 10. Ne3 Qxg5 11. Nd5 Qg6 12. Ne7+ Kh8
13. Nxg6+ fxg6 14. Bg5 Ng4 15. Bh4 h6 16. h3 Nf6
17. Qf3 Nd7 18. Qg3 g5 19. Bxg5 hxg5 20. Qxg5 Nf6
21. Rae1 Nh7 22. Qh4 b5 23. g4 bxc4 24. g5 g6
25. Qh6 Ba6 26. c3 Rae8 27. Qxg6 Rb8 28. Qh6 Rg8
29. g6 Rb7 30. Kh1 d5 31. gxh7 {.} Rxh7 32. Qf6+ Rgg7
33. Rg1 Bf8 34. Qxf8+ {Black - Time} 1-0

[Event "Game 1496 - Rated game, 12m + 0s"]
[Site "Beginners"]
[Date "2003.07.09"]
[Round "?"]
[White "kmreese"]
[Black "cerberus1979"]
[Result "1-0"]
[WhiteElo "1418"]
[BlackElo "1169"]
[Annotator "Black - Resign"]
[PlyCount "21"]
[EventDate "2003.??.??"]

1. e4 e5 2. Nf3 d6 3. Bc4 h6 4. d4 f6
5. dxe5 fxe5 6. Nc3 Qe7 7. h4 Be6 8. Bb5+ Bd7
9. Nd5 Qe6 10. Nxc7+ Kd8 11. Nxe6+ {Black - Resign} 1-0

[Event "Game 1498 - Rated game, 10m + 0s"]
[Site "Beginners"]
[Date "2003.07.09"]
[Round "?"]
[White "tewb"]
[Black "kmreese"]
[Result "0-1"]
[WhiteElo "1376"]
[BlackElo "1425"]
[PlyCount "66"]
[EventDate "2003.??.??"]

1. e4 c5 2. d4 cxd4 3. Qxd4 Nf6 4. Bg5 Nc6
5. Qd1 Ne5 6. Nf3 Qa5+ 7. c3 Nxf3+ 8. Qxf3 Qxg5
9. Bc4 e6 10. O-O d5 11. exd5 exd5 12. Re1+ Be7
13. Qe2 O-O 14. Qxe7 dxc4 15. Na3 Bh3 16. g3 Qd5
17. f3 Qxf3 18. Qe2 Qc6 19. Qc2 Ng4 20. Re2 Qc5+
21. Rf2 Rad8 22. b4 Qe3 23. Nxc4 Qe6 24. Rf4 b5
25. Re4 Qf5 26. Nb2 a5 27. bxa5 Qc5+ 28. Rd4 Rxd4
29. Kh1 Nf2+ 30. Qxf2 Rd1+ 31. Rxd1 Qxf2 32. Rg1 Qf3+
33. Rg2 Qxg2# 0-1

[Event "Game 1499 - Rated game, 15m + 0s"]
[Site "Main Playing Hall"]
[Date "2003.07.10"]
[Round "?"]
[White "lazzser"]
[Black "kmreese"]
[Result "1-0"]
[WhiteElo "1321"]
[BlackElo "1440"]
[PlyCount "67"]
[EventDate "2003.??.??"]

1. e4 c5 2. Nf3 d6 3. d4 Na6 4. d5 Nf6
5. Bd3 b5 6. a3 c4 7. e5 Ng4 8. Be2 dxe5
9. h3 Nf6 10. Nxe5 Bb7 11. Bf3 Nxd5 12. Bxd5 Bxd5
13. O-O Nc5 14. Nc3 f6 15. Ng4 e6 16. Ne3 Qb6
17. Nexd5 exd5 18. Nxd5 Qc6 19. Re1+ Kf7 20. Qh5+ g6
21. Qf3 Bg7 22. Bg5 f5 23. Re7+ Kf8 24. Rc7 Qe8
25. Be7+ Kg8 26. Bxc5 Rc8 27. Ne7+ Kf8 28. Nxc8+ Kg8
29. Ne7+ Kf8 30. Nxg6+ Kg8 31. Ne7+ Kf8 32. Qxf5+ Bf6
33. Qxf6+ Qf7 34. Rc8# 1-0

[Event "Game 1500 - Rated game, 11m + 2s"]
[Site "Main Playing Hall"]
[Date "2003.07.12"]
[Round "?"]
[White "Mantis1"]
[Black "kmreese"]
[Result "0-1"]
[WhiteElo "1159"]
[BlackElo "1416"]
[PlyCount "66"]
[EventDate "2003.??.??"]

1. d4 d5 2. Bd2 Nf6 3. Ba5 Nc6 4. Bc3 e6
5. e3 Ne4 6. Nh3 Bd6 7. Nd2 e5 8. Nxe4 dxe4
9. d5 Nb4 10. a3 Bg4 11. Qxg4 Nxc2+ 12. Kd2 Nxa1
13. b4 Nb3+ 14. Kc2 h5 15. Qxe4 f5 16. Qxf5 Rf8
17. Qg6+ Kd7 18. Kxb3 c5 19. Qxh5 cxb4 20. Qg4+ Ke8
21. Bb5+ Kf7 22. Ng5+ Kg8 23. Qe6+ Kh8 24. Nf7+ Rxf7
25. Qxf7 bxc3 26. Qh5+ Kg8 27. Kxc3 Qa5+ 28. Kc4 Rc8+
29. Kd3 Qxb5+ 30. Ke4 Rc4+ 31. Kf5 Qd7+ 32. Kg6 Rg4+
33. Qxg4 Qxg4# 0-1